Freaky fish. (Record no. 114511)
[ view plain ]
| 000 -LEADER | |
|---|---|
| fixed length control field | 00694nam a2200205 a 4500 |
| 005 - DATE AND TIME OF LATEST TRANSACTION | |
| control field | 20140414132103.0 |
| 008 - FIXED-LENGTH DATA ELEMENTS--GENERAL INFORMATION | |
| fixed length control field | 100722s19uu xx 00 eng d |
| 020 ## - INTERNATIONAL STANDARD BOOK NUMBER | |
| International Standard Book Number | 9781595665607 |
| 050 ## - LIBRARY OF CONGRESS CALL NUMBER | |
| Classification number | M 597 |
| Item number | H84 2008 |
| 100 ## - MAIN ENTRY--PERSONAL NAME | |
| Personal name | Huggins-Cooper, Lynn. |
| 245 ## - TITLE STATEMENT | |
| Title | Freaky fish. |
| 260 ## - PUBLICATION, DISTRIBUTION, ETC. (IMPRINT) | |
| Place of publication, distribution, etc | Laguna Hills, CA : |
| Name of publisher, distributor, etc | QEB pub, |
| Date of publication, distribution, etc | 2008. |
| 300 ## - PHYSICAL DESCRIPTION | |
| Extent | 32 p. |
| 440 ## - SERIES STATEMENT/ADDED ENTRY--TITLE | |
| Title | Awesome animals |
| 500 ## - GENERAL NOTE | |
| General note | Includes index. |
| 520 ## - SUMMARY, ETC. | |
| Summary, etc | "Describes unusual species of fish and their unique features that help them adapt to their ocean habitats"--Provided by publisher. |
| 650 ## - SUBJECT ADDED ENTRY--TOPICAL TERM | |
| Topical term or geographic name as entry element | Fishes --Miscellanea --Juvenile literature. |
| 650 ## - SUBJECT ADDED ENTRY--TOPICAL TERM | |
| Topical term or geographic name as entry element | Fishes --Physiology --Juvenile literature. |
| Withdrawn status | Lost status | Damaged status | Use restrictions | Home library | Current library | Shelving location | Date acquired | Source of acquisition | Cost, normal purchase price | Total Checkouts | Full call number | Barcode | Date last seen | Price effective from | Koha item type |
|---|---|---|---|---|---|---|---|---|---|---|---|---|---|---|---|
| Munich Library | Munich Library | Main Section | 07/22/2010 | 75.00 | M 597 H84 2008 | M6360 | 04/14/2014 | 04/14/2014 | Books |